The Law Reports (1939 vol.1) of the incorporated council of law reporting king's bench division ./ (Record no. 4062)

MARC details
000 -LEADER
fixed length control field 00443nam a22001337a 4500
008 - FIXED-LENGTH DATA ELEMENTS--GENERAL INFORMATION
fixed length control field 140902b xxu||||| |||| 00| 0 eng d
020 ## - INTERNATIONAL STANDARD BOOK NUMBER
International Standard Book Number 0406093547
050 ## - LIBRARY OF CONGRESS CALL NUMBER
Classification number KD277.7.L39(1939 vol.1)
245 ## - TITLE STATEMENT
Title The Law Reports (1939 vol.1) of the incorporated council of law reporting king's bench division ./
Statement of responsibility, etc. Edited by A.F.Topman
300 ## - PHYSICAL DESCRIPTION
Extent xiv,762p.:
Dimensions 24cm.
440 ## - SERIES STATEMENT/ADDED ENTRY--TITLE
Name of part/section of a work King's bench division.
Volume/sequential designation Vol.1
800 ## - SERIES ADDED ENTRY--PERSONAL NAME
Personal name Topman A.F.
942 ## - ADDED ENTRY ELEMENTS (KOHA)
Source of classification or shelving scheme Library of Congress Classification
Koha item type Books
Holdings
Withdrawn status Lost status Source of classification or shelving scheme Damaged status Not for loan Home library Current library Shelving location Date acquired Total Checkouts Full call number Barcode Date last seen Copy number Price effective from Koha item type
    Library of Congress Classification     WISCONSIN INTERNATIONAL UNIVERSITY COLLEGE, GHANA - MAIN LIBRARY WISCONSIN INTERNATIONAL UNIVERSITY COLLEGE, GHANA - MAIN LIBRARY Law Library 02/09/2014   KD277.7.L39 (1939 vol.1) 2048/1045/14 02/09/2014 1 02/09/2014 Books

If you have any concerns or questions; kindly contact the library


© Powered by WIUC ICT DIRECTORATE